Hospodářská politika podporující exportéry. Poznatky zo Skandinávie.
Prehľad foriem proexportnej politiky, ako ju dlhodobe robia v Nórsku a Fínsku. Exportná rada ako forma štátnej podpory exportu v Nórsku, jej financovanie, organizácia činnosti, i prehľad služieb, ktoré poskytuje. Fínske združenie pre zahraničný obchod a podpora exportu vo Fínsku.
Gespeichert in:
| 1. Verfasser: | |
|---|---|
| Format: | Buchkapitel |
| Sprache: | Tschechisch |
| Schlagworte: | |
| Tags: |
Keine Tags, Fügen Sie das erste Tag hinzu!
|
MARC
| LEADER | 00000naa a2200000 4500 | ||
|---|---|---|---|
| 001 | r007202 | ||
| 005 | 20221125081144.4 | ||
| 041 | 0 | |a cze | |
| 044 | |a [CS] | ||
| 245 | 1 | 0 | |a Hospodářská politika podporující exportéry. |b Poznatky zo Skandinávie. |c Božena Plchová |
| 520 | |a Prehľad foriem proexportnej politiky, ako ju dlhodobe robia v Nórsku a Fínsku. Exportná rada ako forma štátnej podpory exportu v Nórsku, jej financovanie, organizácia činnosti, i prehľad služieb, ktoré poskytuje. Fínske združenie pre zahraničný obchod a podpora exportu vo Fínsku. | ||
| 610 | 2 | 0 | |a vývoz |
| 610 | 2 | 0 | |a politika hospodárska |
| 610 | 2 | 0 | |a obchod zahraničný |
| 610 | 2 | 0 | |a združenia podnikov |
| 610 | 2 | 0 | |a Fínsko |
| 610 | 2 | 0 | |a Nórsko |
| 100 | 1 | |a Plchová, Božena | |